Normal view
MARC view
Entry Personal Name
001 - CONTROL NUMBER
- control field: 31932
003 - CONTROL NUMBER IDENTIFIER
- control field: OSt
005 - DATE AND TIME OF LATEST TRANSACTION
- control field: 20260630095350.0
008 - FIXED-LENGTH DATA ELEMENTS
- fixed length control field: 260630|| aca||aabn | a|a d
040 ## - CATALOGING SOURCE
- Original cataloging agency: OSt
- Transcribing agency: OSt
100 ## - HEADING--PERSONAL NAME
- Personal name: Mager, Robert F
670 ## - SOURCE DATA FOUND
- Source citation: Work cat.: (OSt)25564: Mager, Robert F. , Preparing Instructional Objectives: A critical tool in the development of effective instruction , 1997
